000 01603nam a22004217a 4500
003 CHAP
005 20220329143221.0
008 070327d2007 mx r 00110 spa d
010 _a93432
011 _a94404
035 _a104992
040 _cCHAP
090 _aTesis
100 1 _aLuna Mena, Bethel Marina.
_969087
245 1 0 _aLa propiedad intelectual
_banálisis de su situación y desrrollo en el contexto nacional
_c/por Bethel Marina Luna Mena
260 _aChapingo, Méx. :
_bEl autor,
_c2007.
300 _a85 h.
502 _aTesis (Lic. en Comercio Internacional de Productos Agropecuarios ) -- UACH. División de Ciencias Económico Administrativas
530 _aTambién disponible en línea
590 _aALEPH
_b10
_c20130110
_lUCH01
_h1517
590 _aBATCH-UPD
_b10
_c20130110
_lUCH01
_h0318
590 _aBATCH-UPD
_b10
_c20130110
_lUCH01
_h1717
590 _aBATCH-UPD
_b10
_c20130409
_lUCH01
_h2351
590 _aBATCH-UPD
_b10
_c20130914
_lUCH01
_h1144
590 _aBATCH-UPD
_b10
_c20140324
_lUCH01
_h1502
590 _aBATCH-UPD
_b10
_c20141002
_lUCH01
_h0833
590 _aCONVERSION
_b10
_c20130109
_lUCH01
_h1352
650 0 4 _aDerechos de autor.
_931914
650 0 4 _aPatentes.
_986153
650 0 4 _aPropiedad intelectual.
_992423
650 0 4 _aVinculación Universidad-Empresa.
_9119835
856 _3Finding aid
_uhttp://10.13.5.2/tesis/104992.pdf
_zTeclea aqui
901 _aBK
905 _aLuis Gutiérrez Merin
942 _cFOLL
949 _aTesis
_bBC
_cTES
_d33724002026603
_eTS2
_h46553
_i104992
_si
949 _aTesis
_bBC
_cTES
_d33724002026611
_eTS1
_h46562
_i104992
_sb
999 _c93432
_d93432